000 00928cam a22002771 4500
001 4247
003 BD-RjUL
005 20211208233847.0
008 131222r19711966n a b 001 0 eng d
035 _a(BD-RjUL)4282
035 _a(OCoLC)279561
040 _aDLC
_cOAkU
_dOCoLC
_dUk
_dDLC
_dBD-RjUL
_beng
041 _aeng
082 _a332.0973
_bFRI 1971
100 1 _aFrazer, William Johnson,
_d1924-
_913459
245 1 0 _aIntroduction to the analytics and institutions of money and banking /
_c William J. Frazer and William P. Yohe.
260 _aNew York :
_bVan Nostrand,
_cc1966 [1971]
300 _axi, 682 p. ;
_billus. :
_c23 cm.
504 _aIncludes bibliographical references.
650 0 _aBanks and banking
_zUnited States.
_913460
650 0 _aMoney
_zUnited States.
_910351
700 1 _aYohe, William Poe,
_d1931-
_ejoint author.
_913461
942 _2ddc
_cBK
999 _c4247
_d4247